Estádios que consagraram os campeões brasileiros - Statistics

Estatísticas Gerais
  • Esse quiz foi jogado 294 vezes
  • A pontuação média é 49 de 66
Estatísticas das Respostas
Ano Nomenclatura Situação Estádio Excepcional % Correto
1959 Taça Brasil Final Maracanã
98%
1962 Taça Brasil Final Maracanã
98%
1964 Taça Brasil Final Maracanã
98%
1965 Taça Brasil Final Maracanã
98%
1967 Taça Brasil Final Maracanã
98%
1968 Taça Brasil Final Maracanã
98%
1968 Torneio Roberto Gomes Pedrosa Última rodada Maracanã
98%
1970 Torneio Roberto Gomes Pedrosa Última rodada Maracanã
98%
1971 Campeonato Nacional de Clubes Última rodada Maracanã
98%
1974 Campeonato Nacional de Clubes Desempate Maracanã
98%
1980 Taça de Ouro Final Maracanã
98%
1983 Taça de Ouro Final Maracanã
98%
1984 Copa Brasil Final Maracanã
98%
1985 Taça de Ouro Final Maracanã
98%
1992 Campeonato Brasileiro Final Maracanã
98%
1997 Campeonato Brasileiro Final Maracanã
98%
2000 Copa João Havelange Final Maracanã
98%
2009 Campeonato Brasileiro Última rodada Maracanã
98%
1969 Torneio Roberto Gomes Pedrosa Última rodada Morumbi
91%
1972 Campeonato Nacional de Clubes Final Morumbi
91%
1973 Campeonato Nacional de Clubes Última rodada Morumbi
91%
1981 Taça de Ouro Final Morumbi
91%
1989 Campeonato Brasileiro Final Morumbi
91%
1990 Campeonato Brasileiro Final Morumbi
91%
1993 Campeonato Brasileiro Final Morumbi
91%
1998 Campeonato Brasileiro Final Morumbi
91%
1999 Campeonato Brasileiro Final Morumbi
91%
2002 Campeonato Brasileiro Final Morumbi
91%
2007 Campeonato Brasileiro 34a rodada Morumbi
91%
1977 Copa Brasil Final Mineirão
89%
2003 Campeonato Brasileiro Antepenúltima rodada Mineirão
89%
2014 Campeonato Brasileiro Antepenúltima rodada Mineirão
89%
1975 Copa Brasil Final Beira-Rio
87%
1976 Copa Brasil Final Beira-Rio
87%
1979 Copa Brasil Final Beira-Rio
87%
1988 Copa Brasil Final Beira-Rio
87%
2020 Campeonato Brasileiro Última rodada Beira-Rio Não foi jogo do clube campeão
86%
1961 Taça Brasil Final Vila Belmiro
81%
2015 Campeonato Brasileiro 35a rodada São Januário
78%
2018 Campeonato Brasileiro Penúltima rodada São Januário
78%
1960 Taça Brasil Final Pacaembu
75%
1966 Taça Brasil Final Pacaembu
75%
1967 Torneio Roberto Gomes Pedrosa Última rodada Pacaembu
75%
1994 Campeonato Brasileiro Final Pacaembu
75%
1995 Campeonato Brasileiro Final Pacaembu
75%
2010 Campeonato Brasileiro Última rodada Engenhão/Nilton Santos
72%
2011 Campeonato Brasileiro Última rodada Engenhão/Nilton Santos Não foi jogo do clube campeão
72%
2021 Campeonato Brasileiro 35a rodada Fonte Nova/Arena Fonte Nova
69%
1963 Taça Brasil Final Fonte Nova
60%
1982 Taça de Ouro Final Olímpico
57%
1996 Campeonato Brasileiro Final Olímpico
57%
2001 Campeonato Brasileiro Final Arena da Baixada
55%
1987 Copa Brasil Final Ilha do Retiro
51%
2017 Campeonato Brasileiro 35a rodada Arena Corinthians
50%
2022 Campeonato Brasileiro 35a rodada Independência Não foi jogo do clube campeão
39%
1978 Copa Brasil Final Brinco de Ouro da Princesa
35%
1986 Copa Brasil Final Brinco de Ouro da Princesa
35%
2005 Campeonato Brasileiro Última rodada Serra Dourada
33%
2016 Campeonato Brasileiro Penúltima rodada Allianz Arena/Arena Palmeiras
24%
2019 Campeonato Brasileiro 34a rodada Allianz Arena/Arena Palmeiras Não foi jogo do clube campeão
24%
2006 Campeonato Brasileiro Antepenúltima rodada Durival Britto/Vila Capanema Não foi jogo do clube campeão
12%
1991 Campeonato Brasileiro Final Marcelo Stéfani/Nabi Abi Chedid - Bragança Paulista
12%
2013 Campeonato Brasileiro 34a rodada Heriberto Hülse - Criciúma Não foi jogo do clube campeão
11%
2012 Campeonato Brasileiro 35a rodada Prudentão - Presidente Prudente
8%
2008 Campeonato Brasileiro Última rodada Bezerrão - Brasília
7%
2004 Campeonato Brasileiro Última rodada Teixeirão - São José do Rio Preto
6%
Nenhum quiz correspondente encontrado
Distribuição das Pontuações
Porcentagem de Pessoas com Cada Pontuação
Percentil de Números Respondidos
Sua Pontuação Histórica
Você não jogou esse quiz